000 00396pab a2200169 454500
008 180718b2011 xxu||||| |||| 00| 0 eng d
100 _aKanth, D. Ravi
245 _aDoha round: Going, going, gone
260 _c2011
300 _ap.16-18.
362 _a30 Jul
650 _aWTO
650 _aInternational trade
773 _aEconomic and Political Weekly
908 _aN
909 _a95748
999 _c95748
_d95748